000 00730nam a2200241 a 4500
001 53523
003 BD-RjUL
005 20211209075957.0
008 720705s1971 enkab b 001 0 eng
020 _a412109107
035 _a(BD-RjUL)53644
040 _aDLC
_cDLC
_dBD-RjUL
_beng
041 _aeng
082 0 0 _223
_a538.727
_bTAP 1971
100 1 _aTarling, D. H.
_q(Donald Harvey)
_9159987
245 1 0 _aPrinciples and applications of palaeomagnetism /
_c D. H. Tarling.
260 _aLondon :
_bChapman and Hall,
_cc1971.
300 _ax, 164 p. :
_bill. ;
_c21 cm.
500 _aDistributed in the U.S.A. by Barnes & Noble.
504 _aBibliography: p. 152-159.
650 0 _aPaleomagnetism.
_9159988
942 _2ddc
_cBK
999 _c53523
_d53523